Gladiator (Record no. 18105)
[ view plain ]
| 000 -LEADER | |
|---|---|
| fixed length control field | 01873cgm a22004457a 4500 |
| 005 - DATE AND TIME OF LATEST TRANSACTION | |
| control field | 20140721100011.0 |
| 007 - PHYSICAL DESCRIPTION FIXED FIELD--GENERAL INFORMATION | |
| fixed length control field | vd cgaizm |
| 008 - FIXED-LENGTH DATA ELEMENTS--GENERAL INFORMATION | |
| fixed length control field | 140312t2004 xxu229 e |||| 0| vleng d |
| 020 ## - INTERNATIONAL STANDARD BOOK NUMBER | |
| International Standard Book Number | 5050582069259 |
| 041 1# - LANGUAGE CODE | |
| Language code of text/sound track or separate title | eng |
| -- | ita |
| -- | spa |
| 082 04 - DEWEY DECIMAL CLASSIFICATION NUMBER | |
| Edition number | 22 |
| Classification number | 791.4372 |
| Item number | GLA |
| 245 00 - TITLE STATEMENT | |
| Title | Gladiator |
| Medium | [videorecording] / |
| Statement of responsibility, etc | Universal Pictures and Dreamworks Pictures, Scott Free Productions ; produced by Douglas Wick, David Franzoni, Branko Lustig ; screenplay by David Franzoni and John Logan and William Nicholson ; story by David Franzoni ; directed by Ridley Scott. |
| 260 ## - PUBLICATION, DISTRIBUTION, ETC. (IMPRINT) | |
| Place of publication, distribution, etc | [California, United States] : |
| Name of publisher, distributor, etc | Universal Studios, |
| Date of publication, distribution, etc | c.2004. |
| 300 ## - PHYSICAL DESCRIPTION | |
| Extent | 1 videodisc (229 min.) : |
| Other physical details | sd., col. ; |
| Dimensions | 4 3/4 in. |
| 508 ## - CREATION/PRODUCTION CREDITS NOTE | |
| Creation/production credits note | Director of photography John Mathieson ; editor Pietro Scalia ; music Hans Zimmer, Lisa Gerrard. |
| 511 ## - PARTICIPANT OR PERFORMER NOTE | |
| Participant or performer note | Russell Crowe, Joaquin Phoenix, Connie Nielsen. |
| 521 ## - TARGET AUDIENCE NOTE | |
| Target audience note | Suitable only for persons of 15 years and over.<br/> |
| 546 ## - LANGUAGE NOTE | |
| Language note | In English, Italian, Spanish. |
| 650 #0 - SUBJECT ADDED ENTRY--TOPICAL TERM | |
| Topical term or geographic name as entry element | Gladiators |
| Geographic subdivision | Rome |
| Form subdivision | Drama |
| 9 (RLIN) | 35588 |
| 650 #0 - SUBJECT ADDED ENTRY--TOPICAL TERM | |
| Topical term or geographic name as entry element | Emperors |
| Geographic subdivision | Rome |
| Form subdivision | Drama |
| 9 (RLIN) | 35589 |
| 653 ## - INDEX TERM--UNCONTROLLED | |
| -- | GGEN |
| -- | March2014 |
| 700 1# - ADDED ENTRY--PERSONAL NAME | |
| Personal name | Crowe, Russell, |
| 9 (RLIN) | 35590 |
| Dates associated with a name | 1964- |
| 700 1# - ADDED ENTRY--PERSONAL NAME | |
| Personal name | Phoenix, Joaquin, |
| 9 (RLIN) | 35591 |
| Dates associated with a name | 1974- |
| 700 1# - ADDED ENTRY--PERSONAL NAME | |
| Personal name | Nielsen, Connie, |
| 9 (RLIN) | 35592 |
| Dates associated with a name | 1965- |
| 700 1# - ADDED ENTRY--PERSONAL NAME | |
| Personal name | Gerrard, Lisa, |
| 9 (RLIN) | 35593 |
| Dates associated with a name | 1961- |
| 700 1# - ADDED ENTRY--PERSONAL NAME | |
| Personal name | Zimmer, Hans, |
| 9 (RLIN) | 35594 |
| Dates associated with a name | 1957- |
| 700 1# - ADDED ENTRY--PERSONAL NAME | |
| Personal name | Scalia, Pietro, |
| 9 (RLIN) | 35599 |
| Dates associated with a name | 1960- |
| 700 1# - ADDED ENTRY--PERSONAL NAME | |
| Personal name | Mathieson, John, |
| 9 (RLIN) | 35608 |
| 700 1# - ADDED ENTRY--PERSONAL NAME | |
| Personal name | Scott, Ridley, |
| 9 (RLIN) | 35609 |
| 700 1# - ADDED ENTRY--PERSONAL NAME | |
| Personal name | Franzoni, David, |
| 9 (RLIN) | 35610 |
| 700 1# - ADDED ENTRY--PERSONAL NAME | |
| Personal name | Nicholson, William, |
| 9 (RLIN) | 35611 |
| 700 1# - ADDED ENTRY--PERSONAL NAME | |
| Personal name | Logan, John, |
| 9 (RLIN) | 35253 |
| Dates associated with a name | 1961- |
| 700 1# - ADDED ENTRY--PERSONAL NAME | |
| Personal name | Franzoni, David, |
| 9 (RLIN) | 35612 |
| 700 1# - ADDED ENTRY--PERSONAL NAME | |
| Personal name | Lustig, Branko |
| 9 (RLIN) | 35613 |
| 700 1# - ADDED ENTRY--PERSONAL NAME | |
| Personal name | Wick, Douglas |
| 9 (RLIN) | 35614 |
| 710 2# - ADDED ENTRY--CORPORATE NAME | |
| Corporate name or jurisdiction name as entry element | Scott Free Productions |
| 9 (RLIN) | 35615 |
| 710 2# - ADDED ENTRY--CORPORATE NAME | |
| 9 (RLIN) | 35426 |
| Corporate name or jurisdiction name as entry element | Dreamworks Pictures |
| 710 2# - ADDED ENTRY--CORPORATE NAME | |
| 9 (RLIN) | 25635 |
| Corporate name or jurisdiction name as entry element | Universal Pictures (Firm) |
| 942 ## - ADDED ENTRY ELEMENTS (KOHA) | |
| Source of classification or shelving scheme | Dewey Decimal Classification |
| Item type | |
| Call number prefix | 791.4372 GLA |
| Withdrawn status | Lost status | Source of classification or shelving scheme | Damaged status | Not for loan | Koha collection | Home library | Current library | Shelving location | Date acquired | Cost, normal purchase price | Total Checkouts | Full call number | Barcode | Date last seen | Date last borrowed | Cost, replacement price | Koha item type |
|---|---|---|---|---|---|---|---|---|---|---|---|---|---|---|---|---|---|
| Dewey Decimal Classification | Baccah | Central Library | Central Library | Second Floor | 12/03/2014 | 127.00 | 1 | 791.4372 GLA | 000035688 | 24/08/2022 | 22/09/2019 | 158.75 | CD | DVD - With book |